00482nam a22001697a 450000500170000001000150001702000260003203500140005803700130007208200100008510000180009524500500011326000440016327000630020730000230027050000190029320171101123720.0 aENG-121015 c195.00a9788124116869 aEN-104547 bDBAD/PUB a230.2 aDebroy, Bibek aThe Bhagavad Gita for you /cby Bibek Debroy aNew DelhibHar-Anand Publicationsc2012 aE-49/3, Okhla Industrial Area, Phase-IIbNew Delhie110020 a119p.c21.5cm(pbk) aIncludes index